Alle Nationalspieler der Niederlande seit 2000 - Statistiken

Allgemein
  • Dieses Quiz wurde 63 mal gespielt
  • Das Durchschnittsergebnis liegt bei 55 aus 205
Antwortstatistiken
Niederlande % Korrekt
Arjen Robben
95%
Robin Van Persie
93%
Micky Van de Ven
91%
Frenkie De Jong
88%
Luuk De Jong
88%
Nigel De Jong
88%
Siem De Jong
88%
Rafael Van der Vaart
86%
Edwin Van der Sar
84%
Matthijs De Ligt
81%
Virgil Van Dijk
79%
Frank De Boer
77%
Mark Van Bommel
77%
Memphis Depay
77%
Ronald De Boer
77%
Wesley Sneijder
74%
Justin Kluivert
72%
Patrick Kluivert
72%
Ruud Van Nistelrooy
72%
Klaas-Jan Huntelaar
70%
Daley Blind
67%
Donyell Malen
65%
Maarten Stekelenburg
65%
Ryan Gravenberch
65%
Xavi Simons
65%
Cody Gakpo
63%
Wout Weghorst
63%
Edgar Davids
60%
Giovanni Van Bronckhorst
60%
Dirk Kuyt
58%
Davy Klaassen
56%
Jasper Cillessen
56%
Clarence Seedorf
53%
Denzel Dumfries
53%
Edson Braafheid
53%
Jeremie Frimpong
53%
Jurrien Timber
53%
Quinten Timber
53%
Stefan De Vrij
53%
Georginio Wijnaldum
51%
Nathan Ake
51%
Roy Makaay
51%
Ryan Babel
49%
Mark Flekken
47%
Dave Van den Bergh
44%
Donny Van de Beek
44%
Tijjani Reijnders
44%
Tim Krul
44%
John Heitinga
42%
Quincy Promes
42%
Teun Koopmeiners
42%
Bart Verbruggen
40%
Joris Mathijsen
40%
Bruno Martins Indi
37%
Dennis Bergkamp
37%
Ibrahim Afellay
37%
Jaap Stam
37%
Khalid Boulahrouz
37%
Marten De Roon
37%
Steven Bergwijn
37%
Bas Dost
35%
Eljero Elia
35%
Joshua Zirkzee
35%
Marc Overmars
35%
Remko Pasveer
35%
Brian Brobbey
33%
Jeffrey Bruma
33%
Jetro Willems
33%
Patrick Van Aanholt
33%
Ron Vlaar
33%
Steven Berghuis
33%
Boudewijn Zenden
30%
Collins John
30%
Ian Maatsen
30%
Ola John
30%
Gregory Van der Wiel
28%
Jerdy Schouten
28%
Jonathan De Guzman
28%
Kevin Strootman
28%
Leroy Fer
28%
Michael Reiziger
28%
Orlando Engelaar
28%
Phillip Cocu
28%
Tyrell Malacia
28%
Owen Wijndal
26%
Paul Verhaegh
26%
Theo Janssen
26%
Vincent Janssen
26%
Hans Hateboer
23%
Jan Vennegoor of Hesselink
23%
Joel Veltman
23%
Jorrel Hato
23%
Kenneth Taylor
23%
Kenneth Vermeer
23%
Noa Lang
23%
Jordy Clasie
21%
Lutsharel Geertruida
21%
Marco Van Ginkel
21%
Michel Vorm
21%
Andre Ooijer
19%
Jan Paul Van Hecke
19%
Jeremain Lens
19%
Joey Veerman
19%
Marco Bizot
19%
Ricky Van Wolfswinkel
19%
Terence Kongolo
19%
Andries Noppert
16%
Aron Winter
16%
Daryl Janmaat
16%
Jordan Teze
16%
Justin Bijlow
16%
Luciano Narsingh
16%
Pierre Van Hooijdonk
16%
Riechedly Bazoer
16%
Royston Drenthe
16%
Urby Emanuelson
16%
Andy Van der Meyde
14%
Devyne Rensch
14%
Erik Pieters
14%
Jeroen Zoet
14%
Kenny Tete
14%
Rick Karsdorp
14%
Wilfred Bouma
14%
Guus Til
12%
Jimmy Floyd Hasselbaink
12%
Jürgen Locadia
12%
Myron Boadu
12%
Nick Viergever
12%
Romeo Castelen
12%
Timothy Fosu-Mensah
12%
Hedwiges Maduro
9%
Javairo Dilrosun
9%
Jean-Paul Boetius
9%
Jens Toornstra
9%
Jorrit Hendrix
9%
Joshua Brenet
9%
Mario Melchiot
9%
Mats Wieffer
9%
Roy Beerens
9%
Stijn Schaars
9%
David Mendes Da Silva
7%
Davy Pröpper
7%
Demy De Zeeuw
7%
Jairo Riedewald
7%
Quilindschy Hartman
7%
Ricardo Van Rhijn
7%
Sander Boschker
7%
Sem Steijn
7%
Vurnon Anita
7%
Winston Bogarde
7%
Arnold Bruggink
5%
Arthur Numan
5%
Bart Ramselaar
5%
Bert Konterman
5%
Denny Landzaat
5%
Emmanuel Emegha
5%
George Boateng
5%
Henk Timmer
5%
Jan Kromkamp
5%
Karim Rekik
5%
Kew Jaliens
5%
Martijn Meerdink
5%
Niels Oude Kamphuis
5%
Paul Bosvelt
5%
Peter Van Vossen
5%
Richard Witschge
5%
Sander Westerveld
5%
Tim De Cler
5%
Tonny Vilhena
5%
Wesley Hoedt
5%
Wim Jonk
5%
Adam Maher
2%
Anwar El Ghazi
2%
Arnaut Danjuma
2%
Barry Opdam
2%
Calvin Stengs
2%
Dirk Marcellis
2%
Kevin Hofland
2%
Luciano Valente
2%
Nicky Hofs
2%
Oscar Moens
2%
Otman Bakkal
2%
Pablo Rosario
2%
Ronald Waterreus
2%
Ruben Schaken
2%
Theo Lucius
2%
Thijs Dallinga
2%
Wout Brama
2%
Andwele Slory
0%
Barry Van Galen
0%
Danny Koevermans
0%
Dwight Tiendall
0%
Fernando Ricksen
0%
Glenn Loovens
0%
Jean-Paul Van Gastel
0%
Jeffrey Talan
0%
Marc Van Hintum
0%
Miquel Nelom
0%
Patrick Paauwe
0%
Peter Wisgerhof
0%
Piet Velthuizen
0%
Romano Denneboom
0%
Ruud Vormer
0%
Ugur Yildirim
0%
Victor Sikora
0%
Keine übereinstimmenden Quizze gefunden
Verteilung der Resultate
Anzahl Personen mit jedem Resultat
Perzentil nach korrekt beantworteten Fragen
Ihre Resultats-Entwicklung
Sie haben dieses Quiz noch nicht gespielt